Normal view
MARC view
Entry Término temático
001 - NÚMERO DE CONTROL
- campo de control: 142096
003 - IDENTIFICADOR DEL NÚMERO DE CONTROL
- campo de control: OSt
005 - FECHA Y HORA DE LA ÚLTIMA TRANSACCIÓN
- campo de control: 20220127160023.0
008 - DATOS DE LONGITUD FIJA
- campo de control de longitud fija: 220127|| aca||aabn | a|a d
040 ## - FUENTE DE LA CATALOGACIÓN
- Centro catalogador/agencia de origen: OSt
- Centro/agencia transcriptor: OSt
150 ## - ENCABEZAMIENTO--TÉRMINO DE MATERIA
- Término de materia o nombre geográfico como elemento de entrada: Proteínas en nutrición animal I. Z. II. t. III. Rodríguez Moreno, Alfredo
670 ## - FUENTE DE DATOS ENCONTRADOS
- Cita de la fuente: Work cat.: (OSt)167817: Peña Ley, David 86801, Evaluación del ciclo productivo de pollos de engorda con dietas elaboradas a base de aminoácidos totales y digestibles (mediante el concepto de proteína ideal) /, 1996
